| 000 | 00922nas a2200289 4500 | ||
|---|---|---|---|
| 001 | BR2012002785 | ||
| 003 | BR-BrBNA | ||
| 005 | 20231205120427.0 | ||
| 007 | ta | ||
| 008 | 230509b bl.|||p| |||| 00| 00por d | ||
| 040 |
_aBR-BrBNA _bpor _cBiblioteca Nacional de Agricultura |
||
| 041 | _a(Pt) | ||
| 072 | _aK10 | ||
| 100 | 1 | _aValente, T.P. | |
| 100 | 1 | _aNegrelle, R.R.B. | |
| 100 | 1 | _aSanquetta, C.R. | |
| 245 | 1 | _aRegeneração de Araucaria angustifolia em três fitofisionomias de um fragmento de Floresta Ombrófila Mista | |
| 650 | _aPINHEIRO-DO-PARANÁ | ||
| 650 | _aARAUCARIA ANGUSTIFOLIA | ||
| 650 | _aREGENERAÇÃO | ||
| 650 | _aÁRVORE FLORESTAL | ||
| 650 | _aECOLOGIA FLORESTAL | ||
| 650 | _aESPÉCIE NATIVA | ||
| 773 | 0 |
_tIheringia. Série Botânica (Brazil) _xISSN 0073-4705 _g(Jun 2010), v. 65(1) p. 17-24 _wBR2012002785 |
|
| 909 |
_a202311 _bLúcia _c55 _dLúcia Elande |
||
| 942 |
_2AGRIS _n0 _cANA |
||
| 999 |
_c218441 _d218441 |
||